| 000 | 01370nam a2200349Ia 4500 | ||
|---|---|---|---|
| 001 | ebr10436005 | ||
| 003 | CaPaEBR | ||
| 006 | m u | ||
| 007 | cr cn||||||||| | ||
| 008 | 090519s2010 ne a sb 101 0 eng d | ||
| 020 | _z9789042032002 | ||
| 020 | _z9789042031999 | ||
| 040 |
_aCaPaEBR _cCaPaEBR |
||
| 035 | _a(OCoLC)696342292 | ||
| 050 | 1 | 4 |
_aB105.I47 _bZ33 2010eb |
| 100 | 1 | _aZacharasiewicz, Waldemar. | |
| 245 | 1 | 0 |
_aImagology revisited _h[electronic resource] / _cWaldemar Zacharasiexicz. |
| 260 |
_aAmsterdam ; _aNew York : _bRodopi, _c2010. |
||
| 300 |
_a571 p. : _bill. |
||
| 490 | 1 |
_aStudia Imagologica ; _v17 |
|
| 500 | _aDescription based upon print version of record. | ||
| 504 | _aIncludes bibliographical references and index. | ||
| 533 |
_aElectronic reproduction. _bPalo Alto, Calif. : _cebrary, _d2011. _nAvailable via World Wide Web. _nAccess may be limited to ebrary affiliated libraries. |
||
| 650 | 0 |
_aImage (Philosophy) _vCross-cultural studies. |
|
| 650 | 0 | _aNational characteristics in literature. | |
| 650 | 0 | _aStereotypes (Social psychology) | |
| 650 | 0 | _aSocial sciences. | |
| 655 | 7 |
_aElectronic books. _2local |
|
| 710 | 2 | _aebrary, Inc. | |
| 830 | 0 |
_aStudia imagologica ; _v17. |
|
| 856 | 4 | 0 |
_uhttp://site.ebrary.com/lib/rucke/Doc?id=10436005 _zAn electronic book accessible through the World Wide Web; click to view |
| 999 |
_c235072 _d235072 |
||